[Event "Florianopolis op 10th"]
[Site "Florianopolis"]
[Date "2024.01.20"]
[Round "1"]
[White "Ferreira, Gabriel Duque"]
[Black "Nunes, Nicole"]
[Result "1-0"]
[WhiteElo "1891"]
[BlackElo "1253"]
[PlyCount "33"]
[EventDate "2024.01.20"]
[EventType "swiss"]
[EventRounds "10"]
[EventCountry "BRA"]
[SourceTitle "CB05_2024"]
[SourceDate "2024.01.31"]
[SourceVersion "1"]
[SourceVersionDate "2024.01.31"]
[SourceQuality "1"]

1. c4 c5 2. Nc3 g6 3. g3 Bg7 4. Bg2 Nf6 5. Nf3 0-0 6. 0-0 d5 7. cxd5 Nxd5 8. Nxd5 Qxd5 9. d3 Rd8 10. Be3 Bxb2 11. Rb1 Qxa2 12. Qc2 Bg4 13. Rxb2 Qe6 14. Rxb7 Rd5 15. Ng5 Qe5 16. Rxe7 Be6 17. Nxe6 1-0

[Event "Caxambu op"]
[Site "Caxambu"]
[Date "2023.07.21"]
[Round "3"]
[White "Eto, Fabio Luis"]
[Black "Ferreira, Gabriel Duque"]
[Result "0-1"]
[WhiteElo "1679"]
[BlackElo "1962"]
[PlyCount "60"]
[EventDate "2023.07.20"]
[EventType "swiss"]
[EventRounds "7"]
[EventCountry "BRA"]
[SourceTitle "CBM 215 Extra"]
[Source "ChessBase"]
[SourceDate "2023.09.30"]
[SourceVersion "1"]
[SourceVersionDate "2023.09.30"]
[SourceQuality "1"]

1. e4 c5 2. Nf3 Nc6 3. d4 cxd4 4. Nxd4 g6 5. c4 Bg7 6. Be3 Nf6 7. Nc3 0-0 8. Be2 Nxd4 9. Bxd4 d6 10. 0-0 Bd7 11. Qd3 Bc6 12. f4 Nd7 13. Be3 Nc5 14. Bxc5 dxc5 15. e5 f6 16. Qe3 fxe5 17. fxe5 Qc7 18. Qxc5 Bxe5 19. Rxf8+ Rxf8 20. Nd5 Bxh2+ 21. Kh1 Bxd5 22. Qxd5+ Kg7 23. Rd1 Bd6 24. Qd4+ Rf6 25. Qxa7 Bc5 26. Qa8 Rf4 27. g3 Rf2 28. Rf1 Rxf1+ 29. Bxf1 Qxg3 30. Qxb7 Qg1# 0-1

[Event "Florianopolis op 9th"]
[Site "Florianopolis"]
[Date "2023.01.28"]
[Round "9"]
[White "Raimundo, Airton Carlos Nunes"]
[Black "Ferreira, Gabriel Duque"]
[Result "0-1"]
[WhiteElo "2023"]
[BlackElo "1848"]
[PlyCount "66"]
[EventDate "2023.01.23"]
[EventType "swiss"]
[EventRounds "10"]
[EventCountry "BRA"]
[SourceTitle "CBM 212 Extra"]
[Source "ChessBase"]
[SourceDate "2023.03.31"]
[SourceVersion "1"]
[SourceVersionDate "2023.03.31"]
[SourceQuality "1"]

1. e4 c5 2. Nc3 Nc6 3. g3 e5 4. Bg2 Nf6 5. d3 h6 6. f4 d6 7. Nf3 Be7 8. 0-0 0-0 9. Ne2 b5 10. a4 b4 11. c4 bxc3 12. bxc3 Rb8 13. c4 Bg4 14. f5 Bxf3 15. Bxf3 Nd4 16. Nc3 Qd7 17. g4 Nh7 18. Be3 Bg5 19. Bf2 Rb2 20. Bg2 Rfb8 21. Be1 Nc2 22. Nd5 Nf6 23. Nxf6+ gxf6 24. Qf3 Nxa1 25. Bc3 Rb1 26. Bxa1 Qxa4 27. Bc3 Rxf1+ 28. Bxf1 Qc2 29. Be1 Rb2 30. Qh3 a5 31. Qg2 Qxg2+ 32. Bxg2 Rb1 33. Kf2 Bh4+ 0-1

[Event "Florianopolis op 9th"]
[Site "Florianopolis"]
[Date "2023.01.23"]
[Round "1"]
[White "Telles, Arnoldo Beber"]
[Black "Ferreira, Gabriel Duque"]
[Result "0-1"]
[WhiteElo "1060"]
[BlackElo "1848"]
[PlyCount "100"]
[EventDate "2023.01.23"]
[EventType "swiss"]
[EventRounds "10"]
[EventCountry "BRA"]
[SourceTitle "CBM 212 Extra"]
[Source "ChessBase"]
[SourceDate "2023.03.31"]
[SourceVersion "1"]
[SourceVersionDate "2023.03.31"]
[SourceQuality "1"]

1. d4 Nf6 2. c4 g6 3. Nc3 Bg7 4. Nf3 0-0 5. e3 c5 6. Be2 cxd4 7. Nxd4 Nc6 8. Nxc6 bxc6 9. 0-0 Rb8 10. Rb1 d5 11. b3 Bf5 12. Bd3 dxc4 13. bxc4 Qxd3 14. Rxb8 Rxb8 15. Qxd3 Bxd3 16. Rd1 Bxc4 17. e4 Kf8 18. Bf4 Rc8 19. h3 Ke8 20. e5 Nd5 21. Nxd5 cxd5 22. a3 Rb8 23. e6 Rb3 24. exf7+ Kxf7 25. Bc1 e5 26. Re1 Rb1 27. Bd2 Rxe1+ 28. Bxe1 e4 29. Bb4 d4 30. Bc5 a6 31. g4 d3 32. Be3 Bc3 33. Kg2 d2 34. Bxd2 Bxd2 35. Kg3 Bc1 36. a4 a5 37. g5 Bb3 38. Kg2 Bxa4 39. Kf1 Bc2 40. Ke2 a4 41. h4 a3 42. f3 a2 43. fxe4 a1Q 44. e5 Qxe5+ 45. Kf2 Qe3+ 46. Kf1 Qd2 47. Kg1 Bb2 48. Kf1 Bd3+ 49. Kg1 Bd4+ 50. Kh1 Be4# 0-1

[Event "Mogi Guacu op"]
[Site "Mogi Guacu"]
[Date "2022.09.24"]
[Round "4"]
[White "De Andrade, Raphael Silva"]
[Black "Ferreira, Gabriel Duque"]
[Result "1-0"]
[WhiteElo "1800"]
[BlackElo "1848"]
[PlyCount "91"]
[EventDate "2022.09.23"]
[EventType "swiss"]
[EventRounds "6"]
[EventCountry "BRA"]
[SourceTitle "EXT 2023"]
[Source "ChessBase"]
[SourceDate "2022.10.05"]
[SourceVersion "1"]
[SourceVersionDate "2022.10.05"]
[SourceQuality "1"]

1. d4 Nf6 2. c4 g6 3. Nc3 Bg7 4. Bg5 0-0 5. e3 c5 6. d5 d6 7. Nf3 Bg4 8. Be2 Bxf3 9. Bxf3 Nbd7 10. 0-0 Ne8 11. Rc1 Rb8 12. Qa4 a6 13. Be2 h6 14. Bh4 f5 15. h3 Nc7 16. Qc2 b5 17. b3 Qe8 18. Rfe1 Qf7 19. Bf1 g5 20. Bg3 Rb7 21. Ne2 bxc4 22. bxc4 Rfb8 23. Rb1 Nb6 24. h4 a5 25. Nc3 Qf6 26. Na4 Nd7 27. Rxb7 Rxb7 28. Rb1 Rb4 29. hxg5 hxg5 30. a3 Rxb1 31. Qxb1 Qf8 32. Qb7 Qb8 33. Qxb8+ Nxb8 34. Bd3 Nd7 35. Bxf5 Ne5 36. Bxe5 Bxe5 37. Bd7 Kf7 38. Kf1 e6 39. Bxe6+ Nxe6 40. dxe6+ Kxe6 41. Ke2 Kf5 42. Kd3 Bf6 43. Nb6 Bb2 44. a4 Be5 45. Nc8 Ke6 46. Ke4 1-0

[Event "Mogi Guacu op"]
[Site "Mogi Guacu"]
[Date "2022.09.24"]
[Round "3"]
[White "Ferreira, Gabriel Duque"]
[Black "Trindade, Renan"]
[Result "1-0"]
[WhiteElo "1848"]
[BlackElo "1800"]
[PlyCount "61"]
[EventDate "2022.09.23"]
[EventType "swiss"]
[EventRounds "6"]
[EventCountry "BRA"]
[SourceTitle "EXT 2023"]
[Source "ChessBase"]
[SourceDate "2022.10.05"]
[SourceVersion "1"]
[SourceVersionDate "2022.10.05"]
[SourceQuality "1"]

1. c4 e5 2. Nc3 Nf6 3. Nf3 Nc6 4. g3 d5 5. cxd5 Nxd5 6. Bg2 Nxc3 7. bxc3 e4 8. Ng1 Bf5 9. Rb1 e3 10. Rxb7 exf2+ 11. Kxf2 Bc5+ 12. Kf1 Bd7 13. Rb5 Bxg1 14. Kxg1 0-0 15. h3 a6 16. Rc5 Qe7 17. d4 Qd6 18. Bf4 Qe6 19. d5 Qf5 20. e4 Qf6 21. dxc6 Qe7 22. Qd4 Be6 23. Kh2 Rfd8 24. Rd5 Bxd5 25. exd5 Rab8 26. c4 a5 27. c5 Rb4 28. d6 Qe2 29. Qd2 Qc4 30. dxc7 Rxd2 31. c8Q+ 1-0

[Event "Caxambu Casa do Xadrez op"]
[Site "Caxambu"]
[Date "2022.07.23"]
[Round "3"]
[White "De Brito, Gabrielly Rodrigues"]
[Black "Ferreira, Gabriel Duque"]
[Result "0-1"]
[WhiteElo "1401"]
[BlackElo "1832"]
[PlyCount "72"]
[EventDate "2022.07.22"]
[EventType "swiss"]
[EventRounds "6"]
[EventCountry "BRA"]
[SourceTitle "CBM 209 Extra"]
[Source "ChessBase"]
[SourceDate "2022.09.30"]
[SourceVersion "1"]
[SourceVersionDate "2022.09.30"]
[SourceQuality "1"]

1. Nf3 Nf6 2. b3 d5 3. Bb2 g6 4. e3 Bg7 5. Be2 0-0 6. 0-0 c5 7. d4 Ne4 8. Nbd2 Nc6 9. c3 e5 10. Nxe4 dxe4 11. Nxe5 Nxe5 12. dxe5 Bxe5 13. Qxd8 Rxd8 14. Rad1 Be6 15. Ba1 c4 16. bxc4 Rac8 17. h3 f5 18. Bb2 Kf7 19. Rxd8 Rxd8 20. Rd1 Rxd1+ 21. Bxd1 Bxc4 22. Bb3 Bxb3 23. axb3 b5 24. b4 Ke6 25. Kf1 Kd5 26. Ke2 Kc4 27. f3 Bxc3 28. Bxc3 Kxc3 29. g4 Kxb4 30. h4 Kc4 31. h5 b4 32. fxe4 fxe4 33. hxg6 hxg6 34. Kd2 a5 35. g5 a4 36. Kc2 b3+ 0-1